| 000 | 00594nam a2200217Ia 4500 | ||
|---|---|---|---|
| 008 | 101110s9999 xx 000 0 und d | ||
| 041 | _aMARATHI | ||
| 082 | _bSR26643 | ||
| 100 | _aDesai S.S. aani Bhalerao Nirmal | ||
| 245 | _aBharatiya arthavyavastha , sudharit aavruti | ||
| 260 |
_c2004 _bNirali Prakashan, Pune |
||
| 300 | _a810 | ||
| 365 | _b290 | ||
| 520 | _aEconomics | ||
| 546 | _aMARATHI | ||
| 630 | _aBharatiya arthavyavastha , sudharit aavruti | ||
| 650 | _aEconomics | ||
| 655 | _aEconomics | ||
| 730 | _aBharatiya arthavyavastha , sudharit aavruti | ||
| 942 | _cBOOK | ||
| 999 |
_c819225 _d819222 |
||